Operating systems/ (Record no. 142761)

MARC details
000 -LEADER
fixed length control field 00647nam a22001937a 4500
005 - DATE AND TIME OF LATEST TRANSACTION
control field 20230622154217.0
010 ## - LCCN (DPL NO)
LC control number ENG-119271
020 ## - INTERNATIONAL STANDARD BOOK NUMBER
International Standard Book Number 9788173719820
Terms of availability 475.00
035 ## - SYSTEM CONTROL NUMBER
System control number EN-102803
037 ## - SOURCE OF ACQUISITION
Source of stock number/acquisition DBAD/PUB
082 ## - DEWEY DECIMAL CLASSIFICATION NUMBER
Classification number 001.642
100 ## - MAIN ENTRY--PERSONAL NAME
Personal name Sharma,A.K.
245 ## - TITLE STATEMENT
Title Operating systems/
Statement of responsibility, etc by A.K. Sharma
260 ## - PUBLICATION, DISTRIBUTION, ETC. (IMPRINT)
Place of publication, distribution, etc Hyderabad
Name of publisher, distributor, etc American Mathematical Society
Date of publication, distribution, etc 2016
270 ## - ADDRESS
Address Distributed by-Universties Press,3-6-747/1/A & 3-6 754/1,Himayatnagar
City Hyderabad (Telagana)
Postal code 500029
300 ## - PHYSICAL DESCRIPTION
Extent xi,379p. :
Dimensions 25cm(pbk)
Other physical details ill
500 ## - GENERAL NOTE
General note Includes bibliographical references andIndex
942 ## - ADDED ENTRY ELEMENTS (KOHA)
Source of classification or shelving scheme Dewey Decimal Classification
Item type English Books
Classification part 001.642
Call number suffix SHA
Holdings
Withdrawn status Lost status Not for loan Collection code Home library Current library Date acquired Source of acquisition Cost, normal purchase price Full call number Barcode Copy number Cost, replacement price Koha item type
      Non-fiction Bawana Bawana 21/07/2017 DBAD/PUB 475.00 001.642 SHA EN-102803 1 475.00 English Books

© Delhi Public Library
Hit Counter
free hit counter